000 00638nam a22002417a 4500
003 UA-OsUOA
001 59515
007 ta
008 20090331b un ||||| |||| 00| 0 ukr d
100 _aГрин М.
090 _a929(092)
_bГ85
942 _cBK
040 _aUA-OsUOA
_bukr
_cUA-OsUOA
_dUA-OsUOA
245 _aПапа Иоанн Павел ІІ
_bБиография
300 _a288 с.
955 _a2
041 _aukr
080 _a929(092)
020 _a978-5-9693-0049-1
260 _aМ.
_bОлимп-Бизнес
_c2007
650 7 _a9 Географія. Біографії. Історія
_2UDC
999 _c345539
_d345539